|
|
|
|
| LEADER |
00000nam0a2200000 4500 |
| 001 |
314309 |
| 005 |
20231102002650.0 |
| 010 |
|
|
|a 9785902665816
|
| 035 |
|
|
|a (RuTPU)RU\TPU\book\339720
|
| 090 |
|
|
|a 314309
|
| 100 |
|
|
|a 20160211d2015 k y0rusy50 ca
|
| 101 |
0 |
|
|a rus
|
| 102 |
|
|
|a RU
|
| 105 |
|
|
|a y z 001zy
|
| 200 |
1 |
|
|a Минерально-сырьевой комплекс России: экономические особенности, проблемы управления
|f С. В. Лисов, А. Н. Лунькин
|
| 210 |
|
|
|a Москва
|c ЦентрЛитНефтеГаз
|d 2015
|
| 215 |
|
|
|a 303 с.
|c ил.
|
| 320 |
|
|
|a Библиогр.: с. 213-214.
|
| 330 |
|
|
|a Дается комплексная характеристика развития сферы недропользования в мире в целом и в России, в частности. Систематизированы ключевые проблемы отечественного минерально-сырьевого комплекса, при этом особое внимание уделяется геологической отрасли. Сформулированы основные недостатки действующей системы институционального регулирования отраслей рассматриваемого комплекса, а также задачи его инновационного развития.Изложены экономические особенности нефтегазового, горнометаллургического комплексов и угольной промышленности, при этом охарактеризованы общеотраслевые закономерности и тенденции развития данных сфер. Рассмотрены ключевые проблемы деятельности нефтегазовых, горно-металлургических и угольных компаний России, а также стратегические ориентиры их развития с учетом опыта соответствующих корпораций - мировых отраслевых лидеров.Для специалистов в сфере экономики и управления минерально-сырьевым комплексом, а также для широкого круга читателей.
|
| 606 |
1 |
|
|a Минеральное сырье
|x Экономика
|2 stltpush
|3 (RuTPU)RU\TPU\subj\64895
|9 81594
|
| 610 |
1 |
|
|a минерально-сырьевая база
|
| 610 |
1 |
|
|a минерально-сырьевой комплекс
|
| 610 |
1 |
|
|a экономические особенности
|
| 610 |
1 |
|
|a управление
|
| 610 |
1 |
|
|a Россия
|
| 610 |
1 |
|
|a недропользование
|
| 610 |
1 |
|
|a инновационные аспекты
|
| 610 |
1 |
|
|a институциональная динамика
|
| 610 |
1 |
|
|a нефтегазовый комплекс
|
| 610 |
1 |
|
|a нефтегазовые компании
|
| 610 |
1 |
|
|a опыт
|
| 610 |
1 |
|
|a развитие
|
| 610 |
1 |
|
|a угольная промышленность
|
| 610 |
1 |
|
|a горно-промышленный комплекс
|
| 610 |
1 |
|
|a тенденции
|
| 675 |
|
|
|a 553.04
|v 3
|
| 700 |
|
1 |
|a Лисов
|b С. В.
|g Сергей Васильевич
|
| 701 |
|
1 |
|a Лунькин
|b А. Н.
|g Александр Николаевич
|
| 801 |
|
1 |
|a RU
|b 63413507
|c 20160211
|
| 801 |
|
2 |
|a RU
|b 63413507
|c 20160218
|g RCR
|
| 900 |
|
|
|a Экономика отраслевых рынков
|
| 900 |
|
|
|a Экономика отрасли
|
| 942 |
|
|
|c BK
|